LEADER 01482nam 2200361 n 450 001 996387444003316 005 20200824124842.0 035 $a(CKB)1000000000628653 035 $a(EEBO)2240902540 035 $a(UnM)99836509 035 $a(EXLCZ)991000000000628653 100 $a19900911d1622 uh | 101 0 $aeng 135 $aurbn||||a|bb| 200 12$aA proclamation declaring his Maiesties pleasure concerning the dissoluing of the present conuention of Parliament$b[electronic resource] 210 $aLondon $cprinted by Bonham Norton and Iohn Bill, printers to the Kings most excellent Maiestie$d1621. [i.e. 1622] 215 $a[2], 21, [1] p 300 $a"Giuen at Our Pallace at Westminster, the sixth day of Ianuary, in the nineteenth yeere of Our Reigne of Great Britaine, France, and Ireland"--P. 21. 300 $aReproduction of original in the Harvard University. Library. 330 $aeebo-0167 606 $aProclamations$zGreat Britain 607 $aGreat Britain$xHistory$yJames I, 1603-1625 607 $aGreat Britain$xPolitics and government$y1603-1625 615 0$aProclamations 701 $aJames$cKing of England,$f1566-1625.$01001019 801 0$bCu-RivES 801 1$bCu-RivES 801 2$bCStRLIN 801 2$bWaOLN 906 $aBOOK 912 $a996387444003316 996 $aA proclamation declaring His Maiesties pleasure concerning the dissoluing of the present conuention of Parliament$92316498 997 $aUNISA